Follow That Line: Office Space Quiz Stats

 Plays Quiz Updated Jan 18, 2017

Support Sporcle.
Go Orange.
Score 0/20 Timer 12:00
0 Plays Today
% Correct
OK. We're looking up money laundering in a dictionary.
91.5%
I wouldn't say I've been missing it, Bob.
91.2%
Actually, I'm being promoted.
90.5%
It would be nice to have that kind of job security.
89.8%
That's the worst idea I've ever heard in my life, Tom.
89.6%
What? You mean just hand them a check for the exact amount they're missing? I think they'd figure that out.
88.8%
No way! Why should I change? He's the one who sucks.
88.4%
Lawrence, can't you just pretend like we can't hear each other through the wall?
88%
From the crippled children?!
84.8%
Not this time. I'll bet I'm the first one laid off! Just the thought of having to go to the state unemployment office and stand in line with those scumbags...
84.1%
% Correct
Yeah, the guy's really good.
83.4%
I could put strychnine in the guacamole. There was salt on the glass, big grains of salt.
83%
Yeah, well, that may be. But at least I never slept with Lumbergh.
82.5%
Uh-oh. Sounds like somebody's got a case of the Mondays.
81.2%
Nuh-uh. Not really. Uh... I'm just gonna stop going.
79.9%
I feel the exact same way, but it must be hard for you, I mean, having the same name as him. I celebrate the guy's entire catalogue.
79.1%
Yeah...
79%
Good luck with your layoffs. I hope your firings go really well.
78.7%
Just a second there, Professor. We, uh, we fixed the glitch. So he won't be receiving a paycheck anymore. So it'll just work itself out naturally.
78.3%
Say hello to Lumbergh for me!
74.3%

You're not logged in!

Compare scores with friends on all Sporcle quizzes.
OR
Log In
Forgot?

From the Vault

One-Word Movies (2012)

by DarkPhalanx

Here's how Hollywood kept it simple in 2012.
Remove Ads.
Support Sporcle.
Get the best of Sporcle when you Go Orange. This ad-free experience offers more features, more stats, and more fun while also helping to support Sporcle. Thank you for becoming a member.

Show Comments

Extras

Top Quizzes Today


Score Distribution

Your Account Isn't Verified!

In order to create a playlist on Sporcle, you need to verify the email address you used during registration. Go to your Sporcle Settings to finish the process.

Report this User

Report this user for behavior that violates our Community Guidelines.

Details: